[Event "46th NED-ch"]
[Site "Hilversum NED"]
[Date "1990.06.11"]
[Round "1"]
[White "Nijboer, Friso"]
[Black "Blees, Albert"]
[Result "1/2-1/2"]
[WhiteElo "2485"]
[BlackElo "2400"]
[EventDate "1990.06.11"]
[PlyCount "57"]

1.e4 Nf6 2.e5 Nd5 3.d4 d6 4.Nf3 g6 5.Bc4 Nb6 6.Bb3 Bg7 7.a4 a5 8.Qe2 Nc6 
9.O-O O-O 10.Rd1 Bg4 11.h3 Bxf3 12.Qxf3 Qd7 13.Bf4 dxe5 14.dxe5 Qf5 15.g4 
Nxe5 16.Qg3 Qf6 17.Nc3 g5 18.Be3 h6 19.f4 gxf4 20.Bxf4 Ng6 21.Be3 Qe5 22.
Qxe5 Nxe5 23.Bxb6 cxb6 24.Nd5 e6 25.Nxb6 Rad8 26.Kg2 Rfe8 27.Rab1 Kf8 28.
c3 Ke7 29.Nc4 1/2-1/2

[Event "46th NED-ch"]
[Site "Hilversum NED"]
[Date "1990.06.11"]
[Round "1"]
[White "Piket, Jeroen"]
[Black "Van der Wiel, John"]
[Result "1/2-1/2"]
[WhiteElo "2495"]
[BlackElo "2550"]
[EventDate "1990.06.11"]
[PlyCount "45"]

1.d4 e6 2.c4 f5 3.Nf3 Nf6 4.g3 d5 5.Bg2 c6 6.Qc2 Bd6 7.Bf4 Bxf4 8.gxf4 Ne4
9.e3 Nd7 10.Nc3 O-O 11.O-O-O Qa5 12.Kb1 Nxc3+ 13.Qxc3 Qxc3 14.bxc3 b5 15.
c5 a5 16.Kc2 Ba6 17.Rb1 Rfb8 18.Bf1 a4 19.Bd3 Re8 20.Rhg1 Re7 21.Rg5 Bc8 
22.Rbg1 Nf6 23.Ne5 1/2-1/2

[Event "46th NED-ch"]
[Site "Hilversum NED"]
[Date "1990.06.11"]
[Round "1"]
[White "Ree, Hans"]
[Black "Van der Sterren, Paul"]
[Result "1/2-1/2"]
[WhiteElo "2455"]
[BlackElo "2515"]
[EventDate "1990.06.11"]
[PlyCount "66"]

1.d4 Nf6 2.c4 e6 3.Nc3 d5 4.Bg5 Be7 5.e3 O-O 6.Nf3 h6 7.Bxf6 Bxf6 8.Rc1 c6
9.Bd3 Nd7 10.cxd5 exd5 11.b4 a6 12.a4 Be7 13.b5 Ba3 14.Rc2 axb5 15.axb5 
Nf6 16.bxc6 bxc6 17.O-O Bd6 18.e4 dxe4 19.Nxe4 Bc7 20.Re1 Ba5 21.Nxf6+ 
Qxf6 22.Re4 Bb6 23.g3 Ra3 24.Rf4 Qd6 25.h4 Be6 26.Bc4 Bxc4 27.Rxc4 Qd5 28.
Rc1 Bc7 29.Ne5 Bxe5 30.dxe5 Rd3 31.Qa4 Re8 32.Re4 Rxe5 33.Rxe5 Qxe5 
1/2-1/2

[Event "46th NED-ch"]
[Site "Hilversum NED"]
[Date "1990.06.12"]
[Round "2"]
[White "De Boer, Gert Jan"]
[Black "Nijboer, Friso"]
[Result "1/2-1/2"]
[WhiteElo "2375"]
[BlackElo "2485"]
[EventDate "1990.06.11"]
[PlyCount "52"]

1.d4 Nf6 2.c4 g6 3.Nc3 Bg7 4.e4 d6 5.Be2 O-O 6.Nf3 e5 7.O-O Nc6 8.d5 Ne7 
9.Nd2 c5 10.Rb1 Ne8 11.b4 b6 12.bxc5 bxc5 13.Nb3 Kh8 14.Bd2 f5 15.f3 Nf6 
16.Bd3 a5 17.a4 Neg8 18.Qc1 Nh5 19.g3 Nhf6 20.exf5 gxf5 21.Qc2 Nh5 22.Rbe1
Bh6 23.Nb5 Bxd2 24.Qxd2 Rf7 25.Kh1 Rg7 26.Rg1 Ngf6 1/2-1/2

[Event "46th NED-ch"]
[Site "Hilversum NED"]
[Date "1990.06.12"]
[Round "2"]
[White "Kuijf, Marinus"]
[Black "Douven, Rudy"]
[Result "1/2-1/2"]
[WhiteElo "2490"]
[BlackElo "2440"]
[EventDate "1990.06.11"]
[PlyCount "116"]

1.e4 c5 2.Ne2 d6 3.Nbc3 e6 4.d4 cxd4 5.Nxd4 Nf6 6.Bd3 Nbd7 7.f4 g6 8.a4 a6
9.Nf3 Bg7 10.O-O O-O 11.Kh1 b6 12.Qe1 Bb7 13.f5 gxf5 14.exf5 e5 15.Bc4 d5 
16.Bb3 d4 17.Ne2 Nc5 18.Ba2 d3 19.cxd3 Nxd3 20.Qh4 Rc8 21.Nc3 e4 22.Ne1 
Nxc1 23.Rxc1 Nd5 24.Qg3 Nf6 25.Nc2 Qc7 26.Qh3 Rfd8 27.Ne3 Rd2 28.Rc2 Rxc2 
29.Nxc2 Rd8 30.Ne3 Rd2 31.Rd1 Qd6 32.Bc4 Rxd1+ 33.Nexd1 h5 34.Be2 Qd2 35.
Qg3 Bc8 36.h3 Bxf5 37.Qb8+ Kh7 38.Qxb6 Nd5 39.Qf2 Bg6 40.Bxh5 Qxf2 41.
Bxg6+ Kxg6 42.Nxf2 Bxc3 43.bxc3 Nxc3 44.a5 f5 45.g3 Ne2 46.g4 Nf4 47.Nd1 
Nxh3 48.gxf5+ Kxf5 49.Kg2 Nf4+ 50.Kf2 Ke5 51.Nc3 Nd3+ 52.Ke3 Nc5 53.Na2 
Nb7 54.Nb4 Nc5 55.Nc6+ Ke6 56.Nb4 Kf5 57.Nd5 Ke5 58.Nb4 Nb3 1/2-1/2

[Event "46th NED-ch"]
[Site "Hilversum NED"]
[Date "1990.06.12"]
[Round "2"]
[White "Piket, Jeroen"]
[Black "Brenninkmeijer, Joris"]
[Result "1/2-1/2"]
[WhiteElo "2495"]
[BlackElo "2475"]
[EventDate "1990.06.11"]
[PlyCount "38"]

1.d4 e6 2.c4 Nf6 3.Nf3 Bb4+ 4.Bd2 Qe7 5.g3 Nc6 6.Nc3 d5 7.cxd5 exd5 8.Bg2 
O-O 9.O-O Bg4 10.a3 Bxc3 11.Bxc3 Ne4 12.Rc1 a5 13.h3 Bh5 14.Re1 Rfd8 15.
Bd2 a4 16.Bf4 Nd6 17.Rc5 Ne4 18.Rc1 Nd6 19.Rc5 Ne4 1/2-1/2

[Event "46th NED-ch"]
[Site "Hilversum NED"]
[Date "1990.06.12"]
[Round "2"]
[White "Pliester, Leon"]
[Black "Ree, Hans"]
[Result "1-0"]
[WhiteElo "2390"]
[BlackElo "2455"]
[EventDate "1990.06.11"]
[PlyCount "99"]

1.f4 d5 2.Nf3 g6 3.g3 Bg7 4.Bg2 Nf6 5.O-O O-O 6.d3 Nc6 7.Na3 Bg4 8.c4 dxc4
9.Nxc4 Be6 10.Qa4 a6 11.Nce5 Nxe5 12.fxe5 Ng4 13.Ng5 Bd7 14.Qb3 Be8 15.Ne6
fxe6 16.Qxe6+ Bf7 17.Qxg4 Bxe5 18.Bh6 Qd4+ 19.Qxd4 Bxd4+ 20.e3 Bg7 21.Bxg7
Kxg7 22.Bxb7 Rab8 23.Bxa6 Rxb2 24.Bc4 Bxc4 25.Rxf8 Kxf8 26.dxc4 Ke8 27.a4 
Kd7 28.a5 Kc6 29.a6 Rb8 30.Kf2 Kc5 31.a7 Ra8 32.Kf3 c6 33.Ra6 Kxc4 34.
Rxc6+ Kd3 35.Ra6 Rf8+ 36.Kg4 Ra8 37.Ra3+ Ke4 38.Kg5 Kf3 39.Kh6 Kg2 40.Ra2+
Kf3 41.Kxh7 Kxe3 42.Kxg6 e5 43.Kf5 e4 44.Ra3+ Kd4 45.Kf4 Rf8+ 46.Kg4 Ra8 
47.h4 Rg8+ 48.Kh3 Ra8 49.Kg2 Ke5 50.Kf2 1-0

[Event "46th NED-ch"]
[Site "Hilversum NED"]
[Date "1990.06.12"]
[Round "2"]
[White "Van der Sterren, Paul"]
[Black "Bosboom, Manuel"]
[Result "1-0"]
[WhiteElo "2515"]
[BlackElo "2425"]
[EventDate "1990.06.11"]
[PlyCount "53"]

1.Nf3 Nf6 2.c4 g6 3.Nc3 Bg7 4.d4 O-O 5.e4 d6 6.Be2 e5 7.O-O Nbd7 8.Qc2 c6 
9.d5 c5 10.a3 Ne8 11.b4 b6 12.Bd2 Bf6 13.bxc5 bxc5 14.Rab1 Be7 15.Bh6 Ng7 
16.Qd2 Kh8 17.Ne1 f5 18.exf5 gxf5 19.f4 Rf6 20.fxe5 Nxe5 21.Nf3 Ng4 22.
Bxg7+ Kxg7 23.h3 Nh6 24.Bd3 Qf8 25.Ne2 f4 26.Ng5 f3 27.Nxh7 1-0

[Event "46th NED-ch"]
[Site "Hilversum NED"]
[Date "1990.06.12"]
[Round "2"]
[White "Van der Wiel, John"]
[Black "Blees, Albert"]
[Result "1/2-1/2"]
[WhiteElo "2550"]
[BlackElo "2400"]
[EventDate "1990.06.11"]
[PlyCount "147"]

1.e4 Nf6 2.e5 Nd5 3.d4 d6 4.Nf3 g6 5.Bc4 Nb6 6.Bb3 Bg7 7.Ng5 e6 8.Qf3 Qe7 
9.Ne4 dxe5 10.Bg5 Qb4+ 11.c3 Qa5 12.Nf6+ Kf8 13.d5 e4 14.Qg3 Na6 15.dxe6 
h6 16.e7+ Kxe7 17.Nd5+ Ke8 18.Nxc7+ Nxc7 19.Qxc7 Qxg5 20.Qxf7+ Kd8 21.Qxg7
Re8 22.Nd2 Bg4 23.Qd4+ Kc7 24.Qe3 Qxe3+ 25.fxe3 Rad8 26.h3 Be6 27.Ke2 Bd7 
28.Rhf1 h5 29.Rf7 Kb8 30.Rg1 Re5 31.Rf6 Bb5+ 32.c4 Red5 33.Nxe4 Nxc4 34.a4
Rd3 35.Rd1 Nxb2 36.Rxd3 Bxd3+ 37.Kf3 a5 38.Nc5 Bc4 39.Bc2 g5 40.Rb6 Bd5+ 
41.e4 Nc4 42.Rh6 Bf7 43.Rh7 Ne5+ 44.Ke3 Nc4+ 45.Kf2 Rd2+ 46.Kg1 Ne3 47.Bb3
Bxb3 48.Rxb7+ Kc8 49.Rxb3 Rxg2+ 50.Kh1 Re2 51.Ne6 g4 52.Nf4 Re1+ 53.Kh2 
Nf1+ 54.Kg2 Nd2 55.Rc3+ Kb7 56.Rd3 gxh3+ 57.Rxh3 Rxe4 58.Nd3 Rg4+ 59.Kf2 
h4 60.Ke2 Nc4 61.Kf3 Rd4 62.Nf4 Nd2+ 63.Kg4 Rxa4 64.Rxh4 Kb6 65.Kg3 Kb5 
66.Kf2 Ne4+ 67.Ke3 Nc5 68.Ng6 Ra2 69.Ne5 Rc2 70.Rh8 Na6 71.Nd3 Rc6 72.Rh5+
Kb6 73.Ne5 Rc8 74.Nd7+ 1/2-1/2

[Event "46th NED-ch"]
[Site "Hilversum NED"]
[Date "1990.06.13"]
[Round "3"]
[White "Bosboom, Manuel"]
[Black "Pliester, Leon"]
[Result "1-0"]
[WhiteElo "2425"]
[BlackElo "2390"]
[EventDate "1990.06.11"]
[PlyCount "89"]

1.e4 Nf6 2.e5 Nd5 3.d4 d6 4.c4 Nb6 5.f4 dxe5 6.fxe5 Nc6 7.Be3 Bf5 8.Nc3 
Nb4 9.Rc1 c5 10.Nf3 e6 11.Be2 cxd4 12.Nxd4 Nc6 13.Nxf5 exf5 14.O-O g6 15.
Nb5 Nd7 16.Nd6+ Bxd6 17.exd6 Qf6 18.Qd2 O-O 19.Bf3 Rfe8 20.Rc3 a5 21.c5 h5
22.b3 Nde5 23.Bxc6 bxc6 24.Bd4 Qe6 25.Re3 Qd5 26.Qc3 Ng4 27.Rxe8+ Rxe8 28.
h3 Re2 29.Rf3 h4 30.hxg4 fxg4 31.Rf2 Qe4 32.Rxe2 Qxe2 33.d7 Qd1+ 34.Kf2 
g3+ 35.Ke3 Qg1+ 36.Kf4 Qf1+ 37.Qf3 Qc1+ 38.Ke5 Qg5+ 39.Kd6 h3 40.Bf6 Qd2+ 
41.Kc7 hxg2 42.Qe4 Kh7 43.Qh4+ Qh6 44.d8=R g1=R 45.Rh8# 1-0

[Event "46th NED-ch"]
[Site "Hilversum NED"]
[Date "1990.06.13"]
[Round "3"]
[White "Brenninkmeijer, Joris"]
[Black "Van der Wiel, John"]
[Result "1/2-1/2"]
[WhiteElo "2475"]
[BlackElo "2550"]
[EventDate "1990.06.11"]
[PlyCount "55"]

1.d4 Nf6 2.c4 e6 3.Nc3 Bb4 4.Qc2 O-O 5.a3 Bxc3+ 6.Qxc3 b5 7.cxb5 c6 8.bxc6
Nxc6 9.e3 a5 10.Bd3 Nb4 11.Ne2 Nxd3+ 12.Qxd3 Ba6 13.Qd1 Qb6 14.O-O Bc4 15.
f3 Rfc8 16.Rf2 Bb3 17.Qe1 Rc2 18.Nc3 Rxf2 19.Qxf2 Nd5 20.Bd2 Rc8 21.e4 Nc7
22.Re1 d5 23.e5 a4 24.f4 Bc2 25.Bc1 Qb3 26.Qe2 Rb8 27.Qd2 Bg6 28.Qd1 
1/2-1/2

[Event "46th NED-ch"]
[Site "Hilversum NED"]
[Date "1990.06.13"]
[Round "3"]
[White "Nijboer, Friso"]
[Black "Van der Sterren, Paul"]
[Result "1/2-1/2"]
[WhiteElo "2485"]
[BlackElo "2515"]
[EventDate "1990.06.11"]
[PlyCount "51"]

1.e4 e5 2.Nf3 Nc6 3.Bb5 a6 4.Ba4 Nf6 5.O-O Be7 6.Re1 b5 7.Bb3 d6 8.c3 O-O 
9.h3 Nb8 10.d4 Nbd7 11.Nbd2 Bb7 12.Bc2 Re8 13.a4 Bf8 14.Bd3 c6 15.b3 g6 
16.Bb2 Bg7 17.Qb1 Qc7 18.axb5 axb5 19.Rxa8 Bxa8 20.Qc2 Nh5 21.b4 Nf4 22.
Bf1 Ne6 23.dxe5 Nxe5 24.Nxe5 dxe5 25.Nf3 Rb8 26.c4 1/2-1/2

[Event "46th NED-ch"]
[Site "Hilversum NED"]
[Date "1990.06.13"]
[Round "3"]
[White "Ree, Hans"]
[Black "Kuijf, Marinus"]
[Result "0-1"]
[WhiteElo "2455"]
[BlackElo "2490"]
[EventDate "1990.06.11"]
[PlyCount "82"]

1.e4 c5 2.Nf3 Nc6 3.Bb5 e6 4.O-O Nge7 5.c3 a6 6.Ba4 b5 7.Bc2 Bb7 8.Re1 Ng6
9.d4 Qc7 10.Nbd2 cxd4 11.cxd4 Nb4 12.Bb1 Rc8 13.Nb3 Nc2 14.Bxc2 Qxc2 15.
Qxc2 Rxc2 16.Bd2 Be7 17.d5 Rc8 18.a4 exd5 19.e5 bxa4 20.Rxa4 O-O 21.Bc3 
Rc4 22.Raa1 Re4 23.Bd4 Rxe1+ 24.Nxe1 d6 25.exd6 Bxd6 26.Nd3 Re8 27.Nbc5 
Bxc5 28.Nxc5 Bc6 29.g3 Bb5 30.b3 Ra8 31.Re1 h6 32.h4 Ra7 33.h5 Re7 34.Ra1 
Ne5 35.Bxe5 Rxe5 36.Nxa6 d4 37.Nc7 Be2 38.f4 Rc5 39.Ne8 Bxh5 40.Ra8 Kh7 
41.Rd8 f5 0-1

[Event "46th NED-ch"]
[Site "Hilversum NED"]
[Date "1990.06.14"]
[Round "4"]
[White "Brenninkmeijer, Joris"]
[Black "Douven, Rudy"]
[Result "1-0"]
[WhiteElo "2475"]
[BlackElo "2440"]
[EventDate "1990.06.11"]
[PlyCount "87"]

1.d4 Nf6 2.c4 e6 3.Nc3 Bb4 4.Qc2 O-O 5.a3 Bxc3+ 6.Qxc3 b6 7.Bg5 Bb7 8.f3 
h6 9.Bh4 d5 10.e3 Nbd7 11.Nh3 Re8 12.cxd5 exd5 13.Be2 Qe7 14.Bf2 c5 15.O-O
cxd4 16.Qxd4 Nc5 17.Rad1 Nb3 18.Qa4 Na5 19.Bb5 Rec8 20.Rfe1 Nc4 21.Qb3 Na5
22.Qa2 Bc6 23.Bxc6 Rxc6 24.Nf4 Rc2 25.Nxd5 Qe6 26.Qb1 Rac8 27.Nb4 R2c4 28.
e4 Nb3 29.Nd5 Rc2 30.Ne3 R2c6 31.Nf5 Kh8 32.Nd4 Nxd4 33.Bxd4 Nh5 34.Bc3 
Rc5 35.Qd3 Rg5 36.Qe3 Kg8 37.f4 Rgc5 38.f5 Qc6 39.e5 Rc4 40.Rd4 Rxd4 41.
Qxd4 Qc5 42.Qxc5 Rxc5 43.g3 g6 44.f6 1-0

[Event "46th NED-ch"]
[Site "Hilversum NED"]
[Date "1990.06.14"]
[Round "4"]
[White "Kuijf, Marinus"]
[Black "Bosboom, Manuel"]
[Result "1/2-1/2"]
[WhiteElo "2490"]
[BlackElo "2425"]
[EventDate "1990.06.11"]
[PlyCount "80"]

1.e4 c5 2.Ne2 e6 3.d4 cxd4 4.Nxd4 a6 5.Bd3 Nf6 6.O-O d6 7.f4 g6 8.Kh1 Bg7 
9.Nc3 O-O 10.f5 b5 11.fxe6 fxe6 12.Bg5 Qb6 13.Nf3 Nbd7 14.Qe1 Bb7 15.Be3 
Qd8 16.a3 Ng4 17.Bg1 Nge5 18.Nd4 Rxf1 19.Qxf1 Qe7 20.Qe2 Rc8 21.a4 Nxd3 
22.cxd3 b4 23.Na2 d5 24.exd5 Bxd5 25.Rc1 Rxc1 26.Nxc1 Nc5 27.Qc2 Qb7 28.
Be3 e5 29.Qxc5 exd4 30.Bxd4 Bxg2+ 31.Kg1 Bh1 32.Kf2 Qg2+ 33.Ke1 Bxd4 34.
Qxd4 Qxh2 35.Ne2 h5 36.Qf6 Kh7 37.Qf7+ Kh6 38.Qf8+ Kh7 39.Qe7+ Kh6 40.Qe3+
Kh7 1/2-1/2

[Event "46th NED-ch"]
[Site "Hilversum NED"]
[Date "1990.06.14"]
[Round "4"]
[White "Pliester, Leon"]
[Black "Nijboer, Friso"]
[Result "1-0"]
[WhiteElo "2390"]
[BlackElo "2485"]
[EventDate "1990.06.11"]
[PlyCount "121"]

1.d4 Nf6 2.c4 g6 3.Nc3 Bg7 4.e4 d6 5.Nf3 O-O 6.Be2 e5 7.O-O Nc6 8.d5 Ne7 
9.Ne1 Nd7 10.Nd3 f5 11.Bd2 Kh8 12.f3 f4 13.g4 fxg3 14.hxg3 Nf6 15.Kg2 c6 
16.a4 Bd7 17.Rh1 h5 18.f4 cxd5 19.cxd5 Qb6 20.fxe5 dxe5 21.Qg1 Ng4 22.Qxb6
axb6 23.Rhc1 Rfc8 24.Rf1 Kg8 25.Bg5 Re8 26.Nb5 Bxb5 27.axb5 Rxa1 28.Rxa1 
Nc8 29.Bxg4 hxg4 30.Rc1 Nd6 31.Nf2 Nxb5 32.Nxg4 Nd6 33.Rc7 Nxe4 34.Be7 Bf8
35.d6 Bxe7 36.dxe7 Kf7 37.Nxe5+ Kf6 38.Ng4+ Ke6 39.Rxb7 Rxe7 40.Rxb6+ Kd5 
41.Rxg6 Kc4 42.Nf2 Nc5 43.Rc6 Kd5 44.Rc8 Rb7 45.b4 Ne6 46.Nd3 Rb6 47.Kh3 
Ng5+ 48.Kg4 Ne4 49.Rd8+ Kc4 50.Kf4 Nxg3 51.Kxg3 Re6 52.Kf3 Re7 53.Nf4 Re1 
54.Rc8+ Kb5 55.Rc5+ Ka4 56.Nd3 Re8 57.Rc4 Kb3 58.Re4 Rd8 59.Ke3 Kc3 60.Nc5
Rd1 61.b5 1-0

[Event "46th NED-ch"]
[Site "Hilversum NED"]
[Date "1990.06.14"]
[Round "4"]
[White "Van der Sterren, Paul"]
[Black "Blees, Albert"]
[Result "1-0"]
[WhiteElo "2515"]
[BlackElo "2400"]
[EventDate "1990.06.11"]
[PlyCount "80"]

1.Nf3 Nf6 2.c4 c5 3.Nc3 Nc6 4.g3 g6 5.Bg2 Bg7 6.d4 cxd4 7.Nxd4 O-O 8.O-O 
Nxd4 9.Qxd4 d6 10.Qd3 Bf5 11.e4 Be6 12.Bd2 a6 13.b3 Rb8 14.Rac1 Nd7 15.Qe2
Ne5 16.h3 b5 17.cxb5 axb5 18.f4 Nc6 19.Nxb5 Bd7 20.Kh2 Nb4 21.a4 Na6 22.
Nxd6 exd6 23.Qxa6 Rxb3 24.Rb1 Qb8 25.Rxb3 Qxb3 26.a5 Bb5 27.Qb6 Qb2 28.Bc1
Qe2 29.Qxd6 Rc8 30.Rd1 Bc3 31.Ba3 Bxa5 32.Rc1 Rd8 33.Qf6 Re8 34.Bb2 Kf8 
35.Rc5 Bd8 36.Qh8+ Ke7 37.Qe5+ Kf8 38.Qg7+ Ke7 39.f5 Bd7 40.Qf6+ Kf8 1-0

[Event "46th NED-ch"]
[Site "Hilversum NED"]
[Date "1990.06.14"]
[Round "4"]
[White "Van der Wiel, John"]
[Black "De Boer, Gert Jan"]
[Result "1/2-1/2"]
[WhiteElo "2550"]
[BlackElo "2375"]
[EventDate "1990.06.11"]
[PlyCount "51"]

1.e4 c5 2.Nf3 d6 3.d4 cxd4 4.Nxd4 Nf6 5.Nc3 a6 6.Be2 e5 7.Nb3 Be7 8.a4 Be6
9.f4 exf4 10.Bxf4 Nc6 11.O-O O-O 12.Kh1 d5 13.exd5 Nxd5 14.Nxd5 Qxd5 15.
Bf3 Qc4 16.Be2 Qd5 17.Qxd5 Bxd5 18.Rad1 Rad8 19.Bc7 Rc8 20.Rxd5 Rxc7 21.
Rfd1 Rd8 22.c3 g6 23.Kg1 Kg7 24.Kf2 Rxd5 25.Rxd5 Nd8 26.g3 1/2-1/2

[Event "46th NED-ch"]
[Site "Hilversum NED"]
[Date "1990.06.16"]
[Round "5"]
[White "Bosboom, Manuel"]
[Black "Piket, Jeroen"]
[Result "0-1"]
[WhiteElo "2425"]
[BlackElo "2495"]
[EventDate "1990.06.11"]
[PlyCount "86"]

1.c4 g6 2.Nc3 Bg7 3.g3 Nf6 4.Bg2 O-O 5.Nf3 d6 6.O-O e5 7.d3 Nc6 8.Rb1 a5 
9.a3 h6 10.b4 axb4 11.axb4 Be6 12.b5 Ne7 13.Bb2 Qd7 14.Qb3 Bh3 15.Ra1 Nh5 
16.Rfc1 Bxg2 17.Kxg2 f5 18.c5+ Kh7 19.cxd6 cxd6 20.Rxa8 Rxa8 21.Ba3 Nf6 
22.Nd2 Nc8 23.Qb4 Qe6 24.e4 f4 25.Nf3 g5 26.h3 fxg3 27.fxg3 Nh5 28.Nh2 Ne7
29.Qxd6 Qb3 30.Nb1 Qa2+ 31.Kg1 Nxg3 32.Re1 Ng6 33.Bb4 Qf7 34.Qd5 Qxd5 35.
exd5 Nf4 36.Bd6 Nxd3 37.Re3 Nf5 38.Rxd3 Nxd6 39.Na3 e4 40.Rb3 Bd4+ 41.Kg2 
Bc5 42.Nb1 Ra2+ 43.Kh1 e3 0-1

[Event "46th NED-ch"]
[Site "Hilversum NED"]
[Date "1990.06.16"]
[Round "5"]
[White "De Boer, Gert Jan"]
[Black "Van der Sterren, Paul"]
[Result "1/2-1/2"]
[WhiteElo "2375"]
[BlackElo "2515"]
[EventDate "1990.06.11"]
[PlyCount "117"]

1.d4 Nf6 2.c4 e6 3.Nf3 d5 4.Nc3 Be7 5.Bg5 h6 6.Bh4 O-O 7.e3 b6 8.Rc1 Bb7 
9.cxd5 Nxd5 10.Nxd5 Bxd5 11.Bxe7 Qxe7 12.Be2 c5 13.dxc5 Rd8 14.Qc2 Rc8 15.
O-O Nd7 16.Qd2 Nxc5 17.b4 Ne4 18.Qb2 a5 19.bxa5 bxa5 20.Nd2 Nxd2 21.Qxd2 
Qa3 22.Bf3 Bxf3 23.gxf3 Rd8 24.Qc2 Rd5 25.Rfd1 Rad8 26.Rxd5 Rxd5 27.Rb1 
Qd6 28.a4 Rg5+ 29.Kh1 Rh5 30.f4 Rc5 31.Qe4 f5 32.Qf3 Qd7 33.Rb6 Qxa4 34.
Rxe6 Rc1+ 35.Kg2 Qc4 36.Re8+ Kh7 37.Qa8 Qf1+ 38.Kg3 Qg1+ 39.Qg2 Qd1 40.Qf3
Qd7 41.Qa8 Rg1+ 42.Kh3 Qb5 43.Rh8+ Kg6 44.Qe8+ Qxe8 45.Rxe8 a4 46.Ra8 Kh5 
47.f3 g5 48.fxg5 hxg5 49.Rh8+ Kg6 50.Ra8 g4+ 51.Kh4 Rg2 52.Ra6+ Kf7 53.
Rxa4 Rxh2+ 54.Kg5 gxf3 55.Kxf5 Re2 56.Rf4 Rxe3 57.Kg4+ Ke6 58.Rxf3 Rxf3 
59.Kxf3 1/2-1/2

[Event "46th NED-ch"]
[Site "Hilversum NED"]
[Date "1990.06.16"]
[Round "5"]
[White "Ree, Hans"]
[Black "Brenninkmeijer, Joris"]
[Result "1-0"]
[WhiteElo "2455"]
[BlackElo "2475"]
[EventDate "1990.06.11"]
[PlyCount "115"]

1.Nf3 Nf6 2.c4 c6 3.d4 d5 4.Nc3 dxc4 5.e3 b5 6.a4 b4 7.Nb1 Ba6 8.Be2 e6 9.
O-O Be7 10.Nbd2 O-O 11.Bxc4 Bxc4 12.Nxc4 Qd5 13.b3 Nbd7 14.Bb2 Rfd8 15.Qc2
c5 16.Rfd1 Qb7 17.Nfe5 Rac8 18.Nxd7 Nxd7 19.Rac1 cxd4 20.Bxd4 Nb6 21.Bxb6 
axb6 22.Qe2 Rd5 23.e4 Rxd1+ 24.Rxd1 Qc7 25.Rd3 Rd8 26.Qd1 Rxd3 27.Qxd3 Qc6
28.g3 g6 29.Kg2 f6 30.f3 Kf8 31.h4 Kf7 32.g4 Kf8 33.Qe2 Bc5 34.Qd2 Ke8 35.
Qf4 e5 36.Qd2 Qe6 37.Qd3 Bd4 38.Qd2 Bc5 39.Qd3 Bd4 40.Qd2 Bc5 41.g5 fxg5 
42.Qxg5 Bd4 43.Qh6 Qe7 44.Kg3 Kd7 45.h5 gxh5 46.Qxh5 Kc7 47.Kg4 Kb8 48.Qh6
Kc7 49.Qg5 Qe6+ 50.Qf5 Qe7 51.Kh5 Qg7 52.Qe6 Qg2 53.Qf7+ Kc6 54.Kh6 Qh3+ 
55.Qh5 Qd7 56.Qf5 Qxf5 57.exf5 Kd5 58.Kxh7 1-0

[Event "46th NED-ch"]
[Site "Hilversum NED"]
[Date "1990.06.17"]
[Round "6"]
[White "Brenninkmeijer, Joris"]
[Black "Bosboom, Manuel"]
[Result "1/2-1/2"]
[WhiteElo "2475"]
[BlackElo "2425"]
[EventDate "1990.06.11"]
[PlyCount "62"]

1.d4 Nf6 2.Nf3 g6 3.c4 Bg7 4.Nc3 O-O 5.e4 d6 6.Be2 e5 7.O-O Nbd7 8.Qc2 
exd4 9.Nxd4 c6 10.Bg5 Re8 11.Rad1 a5 12.Rfe1 a4 13.Bf4 Qe7 14.Nf3 Ne5 15.
Nxa4 Nxe4 16.Bxe5 dxe5 17.b3 Nc5 18.Nxc5 Qxc5 19.Ng5 Qa3 20.c5 h6 21.Ne4 
Be6 22.Bc4 Qxa2 23.Qxa2 Rxa2 24.Nd6 Re7 25.Bxe6 Rxe6 26.Nxb7 Bf8 27.Kf1 
Re8 28.Nd6 Rb8 29.Rxe5 Rxb3 30.g4 Rf3 31.Re2 Rxe2 1/2-1/2

[Event "46th NED-ch"]
[Site "Hilversum NED"]
[Date "1990.06.17"]
[Round "6"]
[White "Douven, Rudy"]
[Black "Ree, Hans"]
[Result "1-0"]
[WhiteElo "2440"]
[BlackElo "2455"]
[EventDate "1990.06.11"]
[PlyCount "79"]

1.d4 Nf6 2.Nf3 g6 3.c4 Bg7 4.Nc3 O-O 5.e4 d6 6.Be2 e5 7.O-O exd4 8.Nxd4 
Re8 9.f3 c6 10.Kh1 Nbd7 11.Bg5 Qb6 12.Nb3 a5 13.Rb1 a4 14.Na1 a3 15.b4 Nh5
16.Bd2 Qd8 17.Rb3 Nb6 18.Nc2 d5 19.cxd5 cxd5 20.Be3 Nc4 21.Nxd5 Nxe3 22.
Ncxe3 Be6 23.Bb5 Rf8 24.Bc4 Be5 25.Ng4 Bxg4 26.fxg4 Ng7 27.Qd2 Ne6 28.g3 
Kg7 29.Rd3 Qg5 30.Nf4 Kh8 31.Nxe6 Qxd2 32.Rxd2 fxe6 33.Rxf8+ Rxf8 34.Bxe6 
Re8 35.Bf7 Re7 36.Rd8+ Kg7 37.Bd5 Kf6 38.Ra8 Bb2 39.Rb8 Ke5 40.Bxb7 1-0

[Event "46th NED-ch"]
[Site "Hilversum NED"]
[Date "1990.06.17"]
[Round "6"]
[White "Kuijf, Marinus"]
[Black "Blees, Albert"]
[Result "1-0"]
[WhiteElo "2490"]
[BlackElo "2400"]
[EventDate "1990.06.11"]
[PlyCount "59"]

1.e4 Nf6 2.e5 Nd5 3.d4 d6 4.Nf3 g6 5.Bc4 Nb6 6.Bb3 Bg7 7.a4 a5 8.Ng5 e6 9.
f4 dxe5 10.fxe5 c5 11.O-O O-O 12.c3 cxd4 13.cxd4 Nc6 14.Nf3 f6 15.Nc3 fxe5
16.Bg5 Qd7 17.dxe5 Nxe5 18.Nxe5 Rxf1+ 19.Qxf1 Qd4+ 20.Kh1 Qxe5 21.Bd8 Qc5 
22.Ne4 Qc6 23.Ng5 Nd5 24.Qf7+ Kh8 25.Rf1 Ne3 26.Rg1 Ng4 27.Qf4 h5 28.h3 
Nh6 29.Bf6 Qc5 30.Nxe6 1-0

[Event "46th NED-ch"]
[Site "Hilversum NED"]
[Date "1990.06.17"]
[Round "6"]
[White "Piket, Jeroen"]
[Black "Nijboer, Friso"]
[Result "1-0"]
[WhiteElo "2495"]
[BlackElo "2485"]
[EventDate "1990.06.11"]
[PlyCount "101"]

1.d4 Nf6 2.c4 g6 3.Nc3 Bg7 4.e4 d6 5.Nf3 O-O 6.h3 e5 7.dxe5 dxe5 8.Qxd8 
Rxd8 9.Bg5 Nbd7 10.O-O-O Rf8 11.Be3 b6 12.Nd5 Nxd5 13.cxd5 Bb7 14.Bb5 Nf6 
15.Nd2 c6 16.dxc6 Bxc6 17.Bxc6 Rac8 18.Kb1 Rxc6 19.Rc1 Rfc8 20.a4 Bf8 21.
Rxc6 Rxc6 22.Rc1 Rxc1+ 23.Kxc1 Bb4 24.f3 Nd7 25.Nc4 f5 26.Kc2 Kf7 27.a5 b5
28.Kb3 Bf8 29.a6 Ke6 30.Bxa7 bxc4+ 31.Kxc4 Kd6 32.Bc5+ Kc6 33.Bxf8 Nxf8 
34.a7 Kb7 35.Kd5 fxe4 36.fxe4 Nd7 37.Kd6 Nb6 38.Kxe5 Kxa7 39.Kf6 Kb7 40.
Kg7 Nc4 41.Kxh7 Ne5 42.Kg7 Kc6 43.Kf6 Nd3 44.Kxg6 Nf4+ 45.Kf7 Kc5 46.h4 
Kd4 47.g4 Kxe4 48.h5 Nh3 49.h6 Kf4 50.Kg6 Ng5 51.b4 1-0

[Event "46th NED-ch"]
[Site "Hilversum NED"]
[Date "1990.06.17"]
[Round "6"]
[White "Pliester, Leon"]
[Black "De Boer, Gert Jan"]
[Result "0-1"]
[WhiteElo "2390"]
[BlackElo "2375"]
[EventDate "1990.06.11"]
[PlyCount "76"]

1.e4 c5 2.Nf3 d6 3.d4 cxd4 4.Nxd4 Nf6 5.Nc3 a6 6.Bc4 e6 7.Bb3 Nbd7 8.O-O 
Nc5 9.Qf3 Be7 10.Re1 O-O 11.Qg3 Kh8 12.Bg5 h6 13.Bxf6 Bxf6 14.Rad1 Qc7 15.
Nf3 Bxc3 16.bxc3 Rd8 17.e5 d5 18.c4 dxc4 19.Bxc4 b5 20.Rxd8+ Qxd8 21.Be2 
Bb7 22.Rd1 Qc7 23.Nd2 Na4 24.Bd3 Rd8 25.Re1 Nc5 26.Nf1 Nxd3 27.cxd3 Qc2 
28.Re3 Qxa2 29.Qh4 Rd7 30.Qb4 Kg8 31.Rg3 Qd5 32.Qf4 Kh7 33.h4 Qd4 34.Qc1 
Qxe5 35.Nh2 Rc7 36.Qd2 Qa1+ 37.Nf1 Rc1 38.Qe2 Bd5 0-1

[Event "46th NED-ch"]
[Site "Hilversum NED"]
[Date "1990.06.18"]
[Round "7"]
[White "Blees, Albert"]
[Black "Piket, Jeroen"]
[Result "1/2-1/2"]
[WhiteElo "2400"]
[BlackElo "2495"]
[EventDate "1990.06.11"]
[PlyCount "53"]

1.d4 Nf6 2.c4 g6 3.Nc3 Bg7 4.e4 d6 5.Nf3 O-O 6.Be2 e5 7.O-O Nc6 8.d5 Ne7 
9.Nd2 a5 10.a3 Bd7 11.Rb1 a4 12.b4 axb3 13.Nxb3 b6 14.Ra1 h5 15.a4 Nh7 16.
a5 f5 17.Ba3 bxa5 18.c5 Be8 19.Ra2 Nf6 20.f3 Bh6 21.Kh1 Be3 22.Qd3 f4 23.
Bc1 Bxc1 24.Rxc1 a4 25.Rca1 Qb8 26.c6 Nxc6 27.dxc6 1/2-1/2

[Event "46th NED-ch"]
[Site "Hilversum NED"]
[Date "1990.06.18"]
[Round "7"]
[White "Bosboom, Manuel"]
[Black "Douven, Rudy"]
[Result "1-0"]
[WhiteElo "2425"]
[BlackElo "2440"]
[EventDate "1990.06.11"]
[PlyCount "79"]

1.e4 c5 2.Nf3 e6 3.d3 Nc6 4.g3 d5 5.Nbd2 Bd6 6.Bg2 Nge7 7.O-O O-O 8.Re1 b6
9.a3 Bb7 10.c3 Bc7 11.b4 Qd7 12.e5 cxb4 13.axb4 Ng6 14.d4 a5 15.bxa5 Rxa5 
16.Rxa5 Nxa5 17.h4 h6 18.Nf1 Rc8 19.h5 Nf8 20.N1h2 Bd8 21.Ng4 Rxc3 22.Bxh6
gxh6 23.Qd2 Rxf3 24.Bxf3 Nh7 25.Qxh6 Qe7 26.Be2 Qg5 27.Bd3 Qxh6 28.Nxh6+ 
Kg7 29.Nxf7 Kxf7 30.Bxh7 Kg7 31.Bc2 Nc6 32.Rd1 b5 33.f4 Bb6 34.Kg2 Nxd4 
35.h6+ Kh8 36.Bd3 Nc6 37.Bxb5 d4 38.Kh3 Kh7 39.Bd3+ Kxh6 40.Rb1 1-0

[Event "46th NED-ch"]
[Site "Hilversum NED"]
[Date "1990.06.18"]
[Round "7"]
[White "Nijboer, Friso"]
[Black "Brenninkmeijer, Joris"]
[Result "0-1"]
[WhiteElo "2485"]
[BlackElo "2475"]
[EventDate "1990.06.11"]
[PlyCount "82"]

1.e4 c5 2.Nf3 d6 3.d4 cxd4 4.Nxd4 Nf6 5.Nc3 e6 6.Be3 a6 7.f3 b5 8.g4 h6 9.
Qd2 Nbd7 10.O-O-O Bb7 11.Bd3 Ne5 12.Rhe1 b4 13.Na4 d5 14.exd5 Nxd5 15.Bf2 
Bd6 16.Bf5 O-O 17.Nxe6 fxe6 18.Bxe6+ Kh8 19.Bxd5 Nxf3 20.Bxf3 Bxf3 21.Bb6 
Bxd1 22.Bxd8 Raxd8 23.Qg2 Bf3 24.Qg1 Bf4+ 25.Kb1 Bd2 26.Rf1 Be2 27.Rf2 
Rfe8 28.b3 Bc3 29.Nxc3 bxc3 30.Kc1 Rd2 31.a4 a5 32.h3 Re4 33.Qh1 Kg8 34.
Rf1 Re3 35.Re1 Bf3 36.Qg1 Rxe1+ 37.Qxe1 Be2 38.Qh1 Rd8 39.Qe1 Rd2 40.Qh1 
Rd8 41.Qg1 Rf8 0-1